Estadísticas para Equipos de la Kings League

Haz click aquí para intentar la prueba.

Estadísticas generales

  • Esta prueba ha sido intentada 87 veces
  • La puntuación promedio es 11 de 12

Estadísticas de respuestas

Club% Correcto
Porcinos FC
99%
Pío FC
97%
1K FC
94%
Aniquiladores FC
93%
Jijantes FC
93%
Ultimate Móstoles
93%
El Barrio
91%
Saiyans FC
91%
Los Troncos FC
89%
xBuyer Team
89%
Kunisports
87%
Rayo de Barcelona
80%

Distribución de puntuación

Porcentaje por número respondido

Porcentaje de gente con cada puntuación

Historial de tus puntuaciones

No has intentado esta prueba.